Make In India/ (Record no. 190963)

MARC details
000 -LEADER
fixed length control field 00647nam a22001937a 4500
005 - DATE AND TIME OF LATEST TRANSACTION
control field 20220816144950.0
010 ## - LCCN (DPL NO)
LC control number B-745313
020 ## - INTERNATIONAL STANDARD BOOK NUMBER
International Standard Book Number 8188594344
Terms of availability 595.00
035 ## - SYSTEM CONTROL NUMBER
System control number B-745313
037 ## - SOURCE OF ACQUISITION
Source of stock number/acquisition Magpiee Publishers and Distributores
100 ## - MAIN ENTRY--PERSONAL NAME
Personal name M.K., Singh
245 ## - TITLE STATEMENT
Title Make In India/
Statement of responsibility, etc M.K. Singh
250 ## - EDITION STATEMENT
Edition statement 1st
260 ## - PUBLICATION, DISTRIBUTION, ETC. (IMPRINT)
Place of publication, distribution, etc Delhi
Name of publisher, distributor, etc Magpiee Publishers and Distributores
Date of publication, distribution, etc 2021
270 ## - ADDRESS
Address M-72,Punchsheel Garden, Naveen Shahdara
City Delhi
Postal code 110032
300 ## - PHYSICAL DESCRIPTION
Extent 238p.
Dimensions 22cm(hbk)
942 ## - ADDED ENTRY ELEMENTS (KOHA)
Source of classification or shelving scheme Dewey Decimal Classification
Item type English Books
Call number suffix MKS
Classification part 338.954
Holdings
Withdrawn status Lost status Not for loan Collection code Home library Current library Date acquired Source of acquisition Cost, normal purchase price Full call number Barcode Copy number Cost, replacement price Koha item type Public note
      Non-fiction Kadipur Kadipur 16/08/2022 16.8.2022/ Gift 595.00 338.954 MKS B-745313 1 595.00 English Books Gift

© Delhi Public Library
Hit Counter
free hit counter